书目信息 |
| 题名: |
核空气净化系统的现场试验
|
|
| 作者: | 梅瑛 著 | |
| 分册: | ||
| 出版信息: | 北京 国防工业出版社 2007.04 |
|
| 页数: | ix, 132页 | |
| 开本: | 23cm | |
| 丛书名: | ||
| 单 册: | ||
| 中图分类: | TL75 | |
| 科图分类: | ||
| 主题词: | 核设施--he she shi--空气净化系统--现场试验 | |
| 电子资源: | ||
| ISBN: | 978-7-118-05136-0 | |
| 000 | 00831nam0 2200241 450 | |
| 001 | 012007766492 | |
| 005 | 20071106102031.37 | |
| 010 | @a978-7-118-05136-0@dCNY25.00 | |
| 100 | @a20070924d2007 km y0chiy0120 ea | |
| 101 | 0 | @achi |
| 102 | @aCN@b110000 | |
| 105 | @aa a 000yy | |
| 106 | @ar | |
| 200 | 1 | @a核空气净化系统的现场试验@Ahe kong qi jing hua xi tong de xian chang shi yan@f梅瑛著@Fmei ying zhu |
| 210 | @a北京@c国防工业出版社@d2007.04 | |
| 215 | @aix, 132页@c图@d23cm | |
| 320 | @a有书目 (第132页)。 | |
| 330 | @a本书在介绍核空气净化系统现场试验的基础上,分为三篇。第一篇和第二篇着重对高效空气过滤和碘吸附器的现场实验经行了分析总结。 | |
| 606 | 0 | @a核设施@Ahe she shi@x空气净化系统@x现场试验 |
| 690 | @aTL75@v4 | |
| 701 | 0 | @a梅瑛@Amei ying@4著 |
| 801 | 0 | @aCN@b@c20071106 |
| 905 | @b263275-77@dTL75@eM467@f3 | |
| 核空气净化系统的现场试验/梅瑛著.-北京:国防工业出版社,2007.04 |
| ix, 132页:图;23cm |
| ISBN 978-7-118-05136-0:CNY25.00 |
| 本书在介绍核空气净化系统现场试验的基础上,分为三篇。第一篇和第二篇着重对高效空气过滤和碘吸附器的现场实验经行了分析总结。 |
| ● |
| 相关链接 |
|
|
|
正题名:核空气净化系统的现场试验
索取号:TL75/M467
 
预约/预借
| 序号 | 登录号 | 条形码 | 馆藏地/架位号 | 状态 | 备注 |
| 1 | 263275 | 202632758 | 自科库501/501自科库 135排1列2层/ [索取号:TL75/M467] | 在馆 | |
| 2 | 263276 | 202632767 | 自科库501/501自科库 135排1列2层/ [索取号:TL75/M467] | 在馆 | |
| 3 | 263277 | 202632776 | 自科二线504/504自科库 39排1列4层/ [索取号:TL75/M467] | 在馆 |